000 00380nam a2200157Ia 4500
008 230917s9999||||xx |||||||||||||| ||und||
040 _e109753
_aMAIN
041 _aEnglish
082 _a658.3 M311P
100 _aMamoria, C. B
245 0 _aPersonel management
250 _a25th ed.
260 _aMumbi
_bHimalaya Publishing House
_c2005
300 _a932p p.
942 _cBK
999 _c130230
_d130230